000 03228cam a2200757 4500
999 _c103087
_d103087
001
008 030922n2004 000 0 eng u
010 _a346.4202
020 _a1859418422
035 _a(Sirsi) u123674
041 _aeng
050 _a346.4104
245 _aNew perspectives on property law, obligations and restitution
260 _aLondon
_bCavendish
_c2004
300 _axix, 378p.
_c24cm.
350 _a35
505 _aThe unbearable lightness of property
505 _aThe (virtue) ethics of private property: a framework and implications
505 _aThe relationship between property law and tort law
505 _aProperty and contract: where are we?
505 _aThe Land Registration Act 2002 and the nature of ownership
505 _aThe reform of property law and the Land Registration Act 2002: a risk assessment
505 _aThe taxonomic approach to restitution
505 _aThe theory of unjust enrichment
505 _aProperty and unjust enrichment: a misunderstood relationship
505 _aVindicating vindication: "Foskett v McKeown" reviewed
505 _aRestitution of property you do not own anyway
505 _aThe policy against accumulation and three party cases: "Roxborough v Rothmans of Pall Mall Australia"
505 _aOn the redundancy of the concept of bailment
505 _aWhose molecule is it anyway? Private and social perspectives on intellectual property
505 _aSimplifying copyright law
505 _aProperty rights, international trade and human rights
505 _aThe company: property, power and responsibility
505 _aMutuals and co-operatives: property, obligations, business and dedicated assets
505 _aRapporteur's overview: between morality and formalism in property, obligations and restitution
520 _aCollection of essays drawn from papers delivered at the annual WG Hart workshops held at the Institute of Advanced Legal Studies, University of London, 1-3 July 2002. Examines the conceptual notions of property and obligations in law and focuses on the ways in which these concepts are applied to commercial law, land law, human rights law, intellectual property law, the law of restitution, company law and legal theory.
650 _aCOMMERCIAL LAW
650 _aLAND LAW
650 _aHUMAN RIGHTS
650 _aINTELLECTUAL PROPERTY
650 _aLAW OF RESTITUTION
650 _aCOMPANY LAW
650 _aFOSKETT AND OTHER V MCKEOWN AND OTHER
650 _aROXBOROUGH AND OTHERS V ROTHMANS OF PALL MALL AUSTRALIA
690 _aPROPERTY
700 _aHudson, Alastair
700 _aCampbell, David
700 _aCooke, Elizabeth
700 _aDegeling, Simone
700 _aDine, Janet
700 _aDixon, Martin
700 _aGiliker, Paula
700 _aGriffiths, Jonathan
700 _aHedley, Steve
700 _aJaffrey, Peter
700 _aLametti, David
700 _aMcMeel, Gerard
700 _aPearce, David
700 _aPicciotto, Sol
700 _aRotherham, Craig
700 _aSnaith, Ian
700 _aTettenborn, Andrew
700 _aVirgo, Graham
700 _aWhitehouse, Lisa
942 _n0
_2ddc